000 00555nam a2200169Ia 4500
008 090201s9999 xx 000 0 und d
010 _aKPL-38503
040 _bमराठी
041 _aमराठी
082 _a20092
_b38503
100 _aसुरेश परांजपे
245 _aहॅलेचा धुमकेतू
_cसुरेश परांजपे
260 _c2004
_bपृथ्वी प्रकाशन
300 _a63
_bमोठा
600 _aहॅलेचा धुमकेतू
942 _cBOOK
999 _c219888
_d219888